Elektrické siete : Vonkajšie vedenia

Salvato in:
Dettagli Bibliografici
Autore principale: Fecko, Štefan, 1929- (Autore)
Natura: Libro
Lingua:slovacco
Pubblicazione: Bratislava : SVŠT v Bratislave, 1966
Tags: Aggiungi Tag
Nessun Tag, puoi essere il primo ad aggiungerne!!

MARC

LEADER 00000nam a22000003a 4500
001 stu33249
005 20150617225734.3
008 980818s1966------------------------slo-d
040 |a STU  |b slo 
041 0 |a slo 
100 1 |a Fecko, Štefan,  |d 1929-  |4 aut  |X 4076  |7 A000004076 
245 1 |a Elektrické siete :  |b Vonkajšie vedenia 
260 |a Bratislava :  |b SVŠT v Bratislave,  |c 1966 
300 |a 211 s 
996 |b 284ES02222  |c E*S-4106  |l EE01  |s A  |a 24  |w stu33249_0005 
996 |b 284ES02228  |c E*S-4110  |l EE01  |s A  |a 24  |w stu33249_0010 
996 |b 284ES07960  |c E*S-4118  |l EE01  |s A  |a 24  |w stu33249_0012